Statistics for London places, people etc CHAIN QUIZ

Click here to take the quiz!

General Stats

  • This quiz has been taken 42 times
  • The average score is 9 of 15

Answer Stats

HintAnswer% Correct
"______ ______ is falling down, falling down"London Bridge
97%
Road where Sherlock lived: _____ StreetBaker
92%
Main west end shopping area: ______ StreetOxford
81%
Major concert venue, home of the last night of the promsRoyal Albert Hall
81%
The Queen's road?: The ____Mall
78%
Another major museum in same area that had a dinosur 'skeleton' in the foyerNatural History Museum
69%
Home of English cricket?Lords
67%
Free morning paper, as it is in many other cities tooMetro
64%
Area that Canary Wharf is in and has its own light railway!Docklands
61%
Home ground of Arsenal FCEmirates Stadium
61%
Area where the England rugby union team has its home stadiumTwickenham
61%
London born actor who only wanted the bloody doors blowing offMichael Caine
53%
Closest Tube to, and the area where you find, the Victoria and Albert MuseumSouth Kensington
47%
Neighbourhood of answer above, also home to Abbey RoadSt Johns Wood
22%
Popular with Australians, west LondonEarls Court
14%

Score Distribution

Percentile by Number Answered

Percent of People with Each Score

Your Score History

You have not taken this quiz